00684 a2200169 45000010006000000050017000060080041000230030015000640400040000790800038001192450036001572640029001933000019002225050235002411000020004767000018004965335020260407155808.0260407a1952 arg spa dAR-UNSa-BCEJYS aAR-UNSa-BCEJYSbspacAR-UNSa-BCEJYS a911.3:33xGeografía económica10aGeografía económica general 1aBarcelona :bTeidec1952 a303 p.c22 cm. a1. Fuentes de energía - 2. Materias primas e industrias minerales - 3. Productos alimenticios - 4. Materias primas industriales de origen vegetal y animal - 5. El comercio y el transporte - 6. Geografía económica descriptiva1 aBosque, Joaquin1 aLlovo, Adolfo